| 000 | 01099nac a22003131i 4500 | ||
|---|---|---|---|
| 003 | ScBUE | ||
| 005 | 20250528092234.0 | ||
| 008 | 250417t2001 si a f b 001 0 eng d | ||
| 020 | _a9810232241 | ||
| 020 | _a9789810232245 | ||
| 035 | _a(OCoLC)ocm46380608 | ||
| 040 |
_aScBUE _beng _erda _cScBUE _dScBUE |
||
| 082 | 0 | 4 |
_a530.429 _bBAR _222 |
| 100 | 1 |
_aBarbero, G., _eauthor. |
|
| 245 | 1 | 3 |
_aAn elementary course on the continuum theory for nematic liquid crystals / _cG. Barbero, Politecnico di Torino, Italy, L. R. Evangelista, Universidade estadul de Marinagá, Brazil. |
| 264 | 1 |
_aSingapore : _bWorld Scientific, _c[2001] |
|
| 264 | 4 | _cc2001 | |
| 300 |
_axv, 367 pages : _billustrations ; _c23 cm. |
||
| 336 |
_2rdacontent _atext _btxt |
||
| 337 |
_aunmediated _2rdamedia _bn |
||
| 338 |
_avolume _bnc _2rdacarrier |
||
| 490 | 0 |
_aSeries on liquid crystals ; _vvolume 3 |
|
| 504 | _aIncludes bibliographical references and index. | ||
| 650 | 7 |
_aLiquid crystals. _2BUEsh |
|
| 650 | 7 |
_aElasticity. _2BUEsh |
|
| 655 | _vReading book | ||
| 700 | 1 |
_aEvangelista, L. R., _eauthor. |
|
| 942 |
_cBB _2ddc |
||
| 999 |
_c5303 _d5303 |
||